| 000 | 00400nam a2200157Ia 4500 | ||
|---|---|---|---|
| 008 | 210716s2010 xx 000 0 und d | ||
| 020 | _a9788177225372 | ||
| 041 | _aeng | ||
| 082 | _a658.404 MISA | ||
| 100 | _aMishra, Anil. | ||
| 245 |
_aSummer internship: simplified. _bSimplified. |
||
| 250 | _a1 | ||
| 260 |
_aNew Delhi _bBiztantra _c2010 |
||
| 300 | _aviii,288 | ||
| 650 | _aProject Management | ||
| 999 |
_c208321 _d208321 |
||